000
00198nam a2200097Ia 4500
008
220204s9999 xx 000 0 und d
082
_a
82-3
_b
JAK
100
_a
John
245
0
_a
Lawless
942
_c
BK
999
_c
30914
_d
30914